[Event "AUTO-OPEN-434"]
[Site "http://www.queenalice.com/game.php?id=122984"]
[Date "2006.10.29"]
[Round "1"]
[White "Scutellospora"]
[Black "ian"]
[Result "0-1"]
[WhiteElo "1480"]
[BlackElo "1510"]

1. e3 d5 2. Qf3 Nf6 3. Nc3 Nc6 4. Nxd5 Nxd5 5. Bc4 e6 6. e4 Nf6 7. d3 Nd4 8. Qd1
Bc5 9. c3 Nc6 10. Nf3 Ng4 11. Bg5 Qd7 12. O-O h6 13. d4 Be7 14. Bb5 a6 15. h3
Bxg5 16. hxg4 axb5 17. e5 f6 18. exf6 Bxf6 19. g3 h5 20. g5 Be7 21. g6 Rh6 22.
Qd3 Qd5 23. Rfe1 b4 24. c4 Qd6 25. d5 exd5 26. cxd5 Qxg6 27. Qb5 Bd7 28. Qxb7
Rb8 29. Qxc7 Rc8 30. Qf4 Nd8 31. Ne5 Qd6 32. b3 Rf6 33. Qd4 Qc5 34. Qxc5 Bxc5
35. Nxd7+ Kxd7 36. Re5 Bxf2+ 37. Kh2 Bd4 38. Re4 Bxa1 39. Re1 Bc3 40. Re2 Rc5
41. a4 bxa3 42. b4 Bxb4 43. Re5 g6 44. Kh3 Rf5 45. Re3 Rcxd5 46. Kh4 Rg5 47. Re4
Nc6 48. Re3 a2 49. Re1 Bxe1 50. Kh3 Rxg3+ 51. Kh2 Rd4 52. Kh1 Rh4# 0-1

[Event "AUTO-OPEN-434"]
[Site "http://www.queenalice.com/game.php?id=123003"]
[Date "2006.10.29"]
[Round "1"]
[White "ricvila"]
[Black "Scutellospora"]
[Result "0-1"]
[WhiteElo "1388"]
[BlackElo "1485"]

1. e4 e6 2. d4 Qf6 3. Nf3 Nc6 4. Bg5 Qg6 5. Bd3 a5 6. e5 Ra6 7. Bxg6 hxg6 8. Nc3
Rb6 9. Rb1 Rh5 10. Be3 d5 11. Ng5 Nge7 12. Na4 Rb4 13. Nc5 Nf5 14. c3 Rb6 15.
Na4 Rb5 16. Qd3 Na7 17. b3 f6 18. exf6 gxf6 19. Nf3 c6 0-1

[Event "AUTO-OPEN-434"]
[Site "http://www.queenalice.com/game.php?id=123004"]
[Date "2006.10.29"]
[Round "1"]
[White "Scutellospora"]
[Black "ricvila"]
[Result "1-0"]
[WhiteElo "1465"]
[BlackElo "1388"]

1. e3 e5 2. Bc4 d5 3. Bb3 Nf6 4. d4 exd4 5. exd4 Be6 6. Bf4 Nc6 7. c3 Bd6 8. Bg5
O-O 9. Qf3 Be7 10. h3 h6 11. Bf4 Bd6 12. Bxd6 Qxd6 13. Ne2 Rac8 14. Nd2 Qd7 15.
O-O-O Rfe8 16. Nf4 Rcd8 17. g4 Qd6 18. Nxd5 Bxd5 19. Bxd5 1-0

[Event "Challenge"]
[Site "http://www.queenalice.com/game.php?id=125916"]
[Date "2006.11.6"]
[Round "-"]
[White "Scutellospora"]
[Black "Alaune"]
[Result "0-1"]
[WhiteElo "1651"]
[BlackElo "1362"]

1. e3 e5 2. g3 d5 3. Qf3 e4 4. Qf4 Bd6 5. Bb5+ c6 6. Ba4 Bxf4 7. exf4 Nf6 8. Ne2
Bh3 9. d3 Qe7 10. Bd2 b5 11. Bb3 a5 12. Nbc3 a4 13. Nd4 exd3+ 14. Be3 Ng4 15.
O-O-O Nxe3 16. Rhe1 dxc2 17. Bxc2 O-O 18. fxe3 a3 19. Nb1 axb2+ 20. Kxb2 Qb4+
21. Kc1 Rxa2 22. Nxc6 Qb2+ 23. Kd2 Qxc2# 0-1

[Event "Challenge"]
[Site "http://www.queenalice.com/game.php?id=125917"]
[Date "2006.11.6"]
[Round "-"]
[White "Scutellospora"]
[Black "Ginormous"]
[Result "1-0"]
[WhiteElo "1466"]
[BlackElo "1262"]

1. e3 e5 2. Nc3 Nf6 3. Nf3 Nc6 4. b3 Bc5 5. g3 e4 6. Ng5 d5 7. d4 Bg4 8. f3 Bb4
9. Qd2 exf3 10. h3 Ne4 11. Ngxe4 dxe4 12. hxg4 Qf6 13. a3 Bd6 14. Nxe4 Qg6 15.
Nxd6+ Qxd6 16. Qf2 Qf6 17. Bc4 O-O 18. Bb2 Rae8 19. O-O Na5 20. Bb5 Re4 21. b4
c6 22. Bd3 Rxg4 23. bxa5 Re8 24. c3 c5 25. Bb5 Re6 26. Bc4 Ree4 27. Bd5 Re7 28.
dxc5 Re5 29. c4 1-0

[Event "Challenge"]
[Site "http://www.queenalice.com/game.php?id=126547"]
[Date "2006.11.7"]
[Round "-"]
[White "jrgo"]
[Black "Scutellospora"]
[Result "1-0"]
[WhiteElo "907"]
[BlackElo "1534"]

1. e4 e5 2. Qf3 f6 3. Bb5 c6 4. Bc4 Ne7 5. Na3 h6 6. Nh3 d6 7. Qd3 b5 8. Bb3 g5
9. c4 a6 10. g4 Bxg4 11. Qg3 Qd7 12. Qg2 c5 13. Ng1 Nbc6 14. cxb5 Nd4 15. Bc4
Ne2 16. Bxe2 d5 17. Bxg4 f5 18. Bh5+ Kd8 19. exf5 Qxf5 20. Ne2 axb5 21. Nxb5 Ra4
22. Nd6 Qf6 23. Ne8 Qb6 24. b3 Re4 25. Bb2 Nf5 26. f3 Rh4 27. Bg6 Qxg6 28. Nc3
d4 29. Nd5 Kxe8 30. Nc7+ Kd8 31. Na8 c4 32. bxc4 Bb4 33. a3 Ba5 34. Rc1 Kd7 35.
a4 Rxa8 36. Ba3 Rb8 37. h3 Rb3 38. Bf8 Re3+ 39. Kf2 Bxd2 40. Rcd1 Be1+ 41. Rdxe1
Rxe1 42. Rxe1 Ke6 43. a5 Nd6 44. c5 Nc4 45. a6 Qf7 46. Bd6 Qa7 47. Rxe5+ Nxe5
48. Bxe5 Kxe5 49. Qf1 Rxh3 50. Qxh3 Qxc5 51. Qxh6 Qc2+ 52. Kf1 Kf4 53. a7 Kxf3
54. a8=Q+ Kg3 55. Qxg5+ Kh2 56. Qf4+ Kh3 57. Qh1+ Qh2 58. Qhxh2# 1-0

[Event "Challenge"]
[Site "http://www.queenalice.com/game.php?id=127014"]
[Date "2006.11.8"]
[Round "-"]
[White "rxk"]
[Black "Scutellospora"]
[Result "1-0"]
[WhiteElo "1590"]
[BlackElo "1534"]

1. d4 e6 2. c4 Nc6 3. Nc3 f5 4. Nf3 g6 5. e4 Nf6 6. Bg5 d5 7. e5 Nxe5 8. dxe5
Bb4 9. Bxf6 Qd7 10. Bxh8 b6 11. cxd5 exd5 12. Bf6 Bxc3+ 13. bxc3 a5 14. a4 f4
15. Nd4 c5 16. Bb5 cxd4 17. Bxd7+ Bxd7 18. Qxd4 Be6 19. Qxb6 h5 20. Qxe6+ Kf8
21. Qe7+ Kg8 22. Qg7# 1-0

[Event "Challenge"]
[Site "http://www.queenalice.com/game.php?id=127271"]
[Date "2006.11.9"]
[Round "-"]
[White "emredost"]
[Black "Scutellospora"]
[Result "1-0"]
[WhiteElo "1937"]
[BlackElo "1465"]

1. d4 e6 2. c4 Qf6 3. Nf3 Nc6 4. Bg5 Qg6 5. a3 d5 6. e3 Be7 7. Bd3 Qh5 8. Bf4 f5
9. Bxc7 Nf6 10. Ne5 Nxe5 11. Qxh5+ Nxh5 12. Bxe5 Bd7 13. Nc3 O-O 14. cxd5 b6 15.
d6 Bg5 16. Be2 g6 17. d5 Nf6 18. dxe6 Bxe6 19. Nb5 Bd5 20. Nc7 Bxg2 21. Rg1 Nd5
22. Nxa8 Re8 23. Rxg2 Bh4 24. Nc7 Rxe5 25. Bc4 Re4 26. Bxd5+ Kg7 27. Bxe4 fxe4
28. Rg4 Kh6 29. Rxh4+ Kg7 30. d7 g5 31. Rxe4 a5 32. d8=Q h6 33. Re6 h5 34. Qd7+
1-0

[Event "Challenge"]
[Site "http://www.queenalice.com/game.php?id=127434"]
[Date "2006.11.9"]
[Round "-"]
[White "Scutellospora"]
[Black "Topalove"]
[Result "0-1"]
[WhiteElo "1469"]
[BlackElo "1738"]

1. e3 e6 2. Nc3 d5 3. Bb5+ c6 4. Bd3 Nf6 5. f4 Bb4 6. a3 Ba5 7. g3 c5 8. Nge2 c4
9. Bxh7 Rxh7 10. Nd4 Bxc3 11. bxc3 Ne4 12. d3 Nxg3 13. Rg1 Rxh2 14. Qf3 Nh5 15.
dxc4 Qh4+ 16. Kf1 Qh3+ 17. Rg2 Qxf3+ 18. Nxf3 Rxg2 19. Kxg2 Nf6 20. Ne5 dxc4 21.
Bb2 Nbd7 22. Nxc4 Ke7 23. Na5 Nd5 24. Kf3 N7b6 25. Rg1 g6 26. e4 Nf6 27. c4 Na4
28. Bd4 Ne8 29. c5 b6 30. Nc6+ Kf8 31. Rh1 f6 32. Rh8+ Kf7 33. Rh7+ Kf8 34. Ne7
bxc5 35. Be3 Bb7 36. f5 exf5 37. Bh6+ Ng7 38. Nxg6+ Ke8 39. Rxg7 Bxe4+ 40. Kf4
Nb6 41. Ne7 Bxc2 42. Nxf5 Bxf5 43. Kxf5 a5 44. Kxf6 Nd7+ 45. Ke6 Ra6+ 46. Kd5
Rxh6 47. Rg8+ Ke7 48. Rg7+ Kd8 49. Rg8+ Kc7 50. Kc4 Rh3 51. a4 Rh4+ 52. Kb5 c4
53. Kxa5 c3 0-1

[Event "Challenge"]
[Site "http://www.queenalice.com/game.php?id=127568"]
[Date "2006.11.10"]
[Round "-"]
[White "Scutellospora"]
[Black "emredost"]
[Result "0-1"]
[WhiteElo "1548"]
[BlackElo "1913"]

1. e3 d5 2. Nc3 e5 3. Nf3 f6 4. h4 Bg4 5. a3 e4 6. d4 exf3 7. gxf3 Bh5 8. Nb5 c6
9. Nc3 Nd7 10. Bg2 Bd6 11. e4 Ne7 12. O-O O-O 13. b4 Bb8 14. Re1 Qc7 0-1

[Event "Let's Play Chess!"]
[Site "http://www.queenalice.com/game.php?id=128962"]
[Date "2006.11.13"]
[Round "-"]
[White "CampbellMarcel"]
[Black "Scutellospora"]
[Result "0-1"]
[WhiteElo "1649"]
[BlackElo "1454"]

1. e4 e6 2. Nf3 g6 3. c3 Nf6 4. Qc2 Bh6 5. Be2 O-O 6. O-O d5 7. d3 Bxc1 8. Qxc1
c6 9. b4 Ng4 10. Nd4 Ne5 11. Nd2 Nbd7 12. N2f3 a5 13. a3 c5 14. bxc5 Nxf3+ 15.
Nxf3 Nxc5 16. Nd2 f5 17. d4 Nxe4 18. Nf3 b6 19. Qh6 Nxc3 20. Rfe1 Ba6 21. Bxa6
Rxa6 22. Ng5 Qd7 23. Nxe6 Re8 24. Rac1 Rxe6 25. Rxe6 Qxe6 26. Rf1 Ne2+ 27. Kh1
Nxd4 28. Rc1 b5 29. Rc7 Qe1# 0-1

[Event "Challenge"]
[Site "http://www.queenalice.com/game.php?id=129207"]
[Date "2006.11.14"]
[Round "-"]
[White "Scutellospora"]
[Black "Teltz"]
[Result "0-1"]
[WhiteElo "1503"]
[BlackElo "1639"]

1. e3 d6 2. Qf3 Nf6 3. d4 Bg4 4. Qf4 e6 5. h3 Bh5 6. Bb5+ c6 7. Ba4 Nd5 8. Qe4
Bg6 9. Qg4 Na6 10. Nf3 Nab4 11. Nc3 Nxc3 12. bxc3 Nxc2+ 13. Bxc2 Bxc2 14. O-O
Qa5 15. Ng5 Bf5 16. Qe2 Be7 17. h4 Bxg5 18. hxg5 Bg6 19. Bb2 Qxg5 20. f4 Qa5 21.
g4 h5 22. Qh2 O-O-O 23. g5 Qb5 24. a3 h4 25. Rab1 Bxb1 26. Rxb1 Qd3 27. Rf1
Qxe3+ 28. Kg2 h3+ 29. Kh1 Qe4+ 30. Kg1 Rh4 31. Kf2 Qc2+ 32. Kg1 Rg4+ 33. Kh1
Qe4+ 34. Rf3 Qxf3+ 35. Qg2 Qxg2# 0-1

[Event "Challenge"]
[Site "http://www.queenalice.com/game.php?id=129530"]
[Date "2006.11.14"]
[Round "-"]
[White "lica"]
[Black "Scutellospora"]
[Result "0-1"]
[WhiteElo "1023"]
[BlackElo "1480"]

1. e4 e6 2. f4 Bc5 3. d4 Bb4+ 4. c3 Ba5 5. b4 Bb6 6. g3 Nf6 7. Ne2 d5 8. h4 O-O
9. a4 Nxe4 10. g4 e5 11. a5 Bxg4 12. axb6 cxb6 13. dxe5 Ng3 14. Ra2 Nxh1 15. b5
Qxh4+ 16. Kd2 Nd7 17. Ba3 Nf2 18. c4 Nxd1 19. cxd5 Bf5 20. e6 fxe6 21. Bd6 Bxb1
22. Ra1 Be4 23. f5 Rxf5 24. Rxd1 Rxd5+ 25. Kc1 Rc8+ 26. Nc3 Qg5+ 27. Kb2 Nc5 28.
Re1 Rxd6 29. Nxe4 Qe5+ 30. Kc1 Nxe4+ 31. Kb1 Nc3+ 32. Kb2 Qxe1 33. Bc4 Rxc4 34.
Kc2 Qe2+ 35. Kb3 Ne4 0-1

[Event "Challenge"]
[Site "http://www.queenalice.com/game.php?id=133139"]
[Date "2006.11.24"]
[Round "-"]
[White "Scutellospora"]
[Black "jrgo"]
[Result "0-1"]
[WhiteElo "1488"]
[BlackElo "977"]

1. d4 e6 2. g3 Qf6 3. Bg2 a5 4. Nc3 Ra7 5. Nb5 Ra6 6. Nxc7+ Kd8 7. Nxa6 Nxa6 8.
Bf4 Bb4+ 9. c3 Bc5 10. e3 Ba7 11. Ne2 h5 12. O-O d5 13. Qa4 Bd7 14. Qxa5+ Ke8
15. a4 Ne7 16. Qc7 Nxc7 17. Bxc7 Nf5 18. f4 Nxe3 19. Rf3 Nc2 20. Rc1 Nxd4 21.
Nxd4 g5 22. Re1 gxf4 23. Bh3 Bxa4 24. Kf1 b5 25. Kg2 Rg8 26. Bd6 e5 27. Rxf4
Qxd6 28. Nf5 Qf6 0-1

[Event "Challenge"]
[Site "http://www.queenalice.com/game.php?id=138491"]
[Date "2006.12.8"]
[Round "-"]
[White "Scutellospora"]
[Black "Admilton"]
[Result "0-1"]
[WhiteElo "1488"]
[BlackElo "1406"]

1. e4 e5 2. b3 d6 3. Qf3 f6 4. Bc4 Nh6 5. Nh3 Qe7 6. Nc3 Nc6 7. Nd5 Qd8 8. Qh5+
g6 9. Qh4 Nd4 10. O-O c6 11. Nxf6+ Ke7 12. Nd5+ Kd7 13. Qxd8+ Kxd8 14. Bb2 cxd5
15. Bxd5 Nxc2 16. Rac1 Nd4 17. Rcd1 Bg4 18. f3 Bxh3 19. gxh3 g5 20. Bc3 Ne2+ 21.
Kf2 Nf4 22. Ba5+ Kd7 23. Rc1 Nd3+ 24. Ke2 Nxc1+ 25. Rxc1 Rc8 26. Rg1 b6 27. Bb4
Be7 28. a4 Rhf8 29. a5 b5 30. Bb7 Rb8 31. a6 Bd8 32. Ke3 Bb6+ 33. d4 Bxd4+ 34.
Ke2 Bxg1 35. Bd2 Nf7 36. Kf1 Bxh2 37. Kg2 Bf4 38. Ba5 Ke7 39. Bc7 Rbe8 40. Bd5
Rc8 41. b4 Rxc7 42. h4 Nh6 43. h5 Rc2+ 44. Kf1 Rfc8 45. Bb7 R8c3 0-1

[Event "Challenge"]
[Site "http://www.queenalice.com/game.php?id=141796"]
[Date "2006.12.15"]
[Round "-"]
[White "edermachado"]
[Black "Scutellospora"]
[Result "1-0"]
[WhiteElo "1223"]
[BlackElo "1439"]

1. g3 e5 2. Bg2 Qf6 3. Nf3 Bc5 4. O-O Ne7 5. d3 O-O 6. Nc3 b6 7. Bg5 Qd6 8. Ne4
Qd5 9. Nfd2 Bb7 10. Bxe7 Bxe7 11. c4 Qd4 12. Rb1 f5 13. Nc3 Bxg2 14. Kxg2 f4 15.
gxf4 1-0

[Event "Challenge"]
[Site "http://www.queenalice.com/game.php?id=142823"]
[Date "2006.12.17"]
[Round "-"]
[White "Alaune"]
[Black "Scutellospora"]
[Result "1-0"]
[WhiteElo "1718"]
[BlackElo "1474"]

1. e4 e5 2. Nf3 f6 3. Nxe5 fxe5 4. Qh5+ g6 5. Qxe5+ Qe7 6. Qxh8 Qg7 7. Qxg7 Bxg7
8. Bc4 Nf6 9. d3 Nc6 10. Bf4 d6 11. O-O b6 12. Nc3 Nd4 13. Rac1 Ne2+ 14. Nxe2
Bd7 15. h3 O-O-O 16. b4 Nh5 17. Bg5 Rf8 18. a4 Be5 19. d4 Bg7 20. a5 h6 21. Be3
g5 22. axb6 cxb6 23. Ra1 b5 24. Bd5 Nf6 25. Rxa7 Nxd5 26. exd5 Rf7 27. Rfa1 Rf5
28. Ra8+ Kb7 29. R1a7+ Kb6 30. Rxd7 Bf8 31. Rb8+ Ka6 32. Ra8+ Kb6 33. Raa7 Rxd5
34. Nc3 Rf5 35. d5# 1-0